000 00901cam a2200289 i 4500
999 _c200446118
_d64330
001 200446118
003 TR-AnTOB
005 20220415001232.0
007 ta
008 151228s2009 tu ao 000 0 tur d
020 _a9789751946140
040 _aTR-AnTOB
_beng
_erda
_cTR-AnTOB
041 0 _atur
050 0 0 _aHC492
_b.R35 2009
090 _aHC492 .R35 2009
245 0 0 _aRakamlar ne diyor? 2009 /
_cTürkiye İstatistik Kurumu.
264 1 _aAnkara :
_bTürkiye İstatistik Kurumu,
_c2009.
300 _a37 pages :
_bcolor photos, tables ;
_c14 cm
336 _atext
_btxt
_2rdacontent
337 _aunmediated
_bn
_2rdamedia
338 _avolume
_bnc
_2rdacarrier
490 0 _aTürkiye İstatistik Kurumu. Yayın No ;
_v3328
651 0 _aTürkiye
_xEkonomik durum
_980633
710 2 _aTürkiye İstatistik Kurumu
_943555
942 _cBK
_2lcc